| 000 | 00801nac a22002411u 4500 | ||
|---|---|---|---|
| 010 | _a 75307325 | ||
| 020 |
_a0582420059 : _a0582420067 |
||
| 082 | 0 | 0 |
_a620.11 _bWHI |
| 090 |
_c6123 _d6123 |
||
| 100 | _aWhitlow, R. | ||
| 245 | 1 | 0 |
_aMaterials and structures / _cR. Whitlow. |
| 250 | _a2nd ed. | ||
| 260 |
_aHarlow : _bLongman,1992 _c1992 |
||
| 300 |
_aix, 402 p. : _bill. ; _c23 cm. |
||
| 490 | 0 | _aLongman construction series | |
| 500 | _aIncludes index. | ||
| 500 | _adistributer: Al-Ahram | ||
| 511 | _acatalogued by: wessam | ||
| 650 | 0 | _aStrength of materials. | |
| 650 | 0 | _aStructural analysis (Engineering) | |
| 942 |
_cBB _k620.11WHI |
||
| 999 |
_c6123 _d6123 |
||